El buen soldado (Record no. 64618)

MARC details
000 -LEADER
campo de control de longitud fija 00517nam a2200181 i 4500
001 - NÚMERO DE CONTROL
campo de control 64618
003 - IDENTIFICADOR DE NÚMERO DE CONTROL
campo de control ES-MaACL
005 - FECHA Y HORA DE LA ÚLTIMA TRANSACCIÓN
campo de control 20230906165154.0
007 - CAMPO FIJO DE DESCRIPCIÓN FÍSICA--INFORMACIÓN GENERAL
campo de control de longitud fija t|
008 - DATOS DE LONGITUD FIJA--INFORMACIÓN GENERAL
campo de control de longitud fija 031230s1971 sp ||||1| spa d
100 1# - ENTRADA PRINCIPAL--NOMBRE DE PERSONA
Nombre de persona Ford, Ford Madox.
9 (RLIN) 51699
245 13 - MENCIÓN DEL TÍTULO
Título El buen soldado
Resto del título : novela /
Mención de responsabilidad, etc. Ford Madox Ford ; [traducción, Sergio Pitol].
250 ## - MENCION DE EDICION
Mención de edición [1ª ed.].
260 ## - PUBLICACIÓN, DISTRIBUCIÓN, ETC.
Lugar de publicación, distribución, etc. Barcelona :
Nombre del editor, distribuidor, etc. Planeta,
Fecha de publicación, distribución, etc. [1971]
300 ## - DESCRIPCIÓN FÍSICA
Extensión 277 p. ;
Dimensiones 21 cm.
700 1# - ENTRADA AGREGADA--NOMBRE PERSONAL
Nombre de persona Pitol, Sergio.
9 (RLIN) 92416
852 ## - LOCALIZACIÓN
Ubicación ES-MaACL
Número de control de estantería C-39127
Sublocalización o colección R.79468
Holdings
Estatus retirado Estado de pérdida Estado de daño No para préstamo Biblioteca de origen Biblioteca actual Ubicación en estantería Fecha de adquisición Fuente de adquisición Total de préstamos Signatura topográfica completa Código de barras Visto por última vez Precio de reemplazo Tipo de ítem Koha
        Biblioteca del Ateneo de Madrid Biblioteca del Ateneo de Madrid Depósito 2 17/01/2008     C-39127 1067711 23/02/2023 23/02/2023 Libro impreso